The Stretched Cat - Statistics

General Stats
  • This quiz has been taken 40 times
  • The average score is 8 of 10
Answer Stats
Hint Answer % Correct
Military trainee CA{DE}T
100%
Farm wagon CA{R}T
97%
Illumination for a romantic dinner, perhaps CA{NDLELIGH}T
95%
Stone-launching weapon CA{TAPUL}T
95%
Medical expert specializing in heart disease CA{RDIOLOGIS}T
92%
Certain floor covering CA{RPE}T
90%
Person driven by profit and competition CA{PITALIS}T
74%
Nightclub entertainment CA{BARE}T
72%
Person who can write text especially beautifully CA{LLIGRAPHIS}T
69%
French dish with white beans CA{SSOULE}T
54%
No matching quizzes found
Score Distribution
Percent of People with Each Score
Percentile by Number Answered
Your Score History
You have not taken this quiz